FHA Title I Property Improvement Loan Insurance : (Record no. 458917)

MARC details
000 -LEADER
fixed length control field 00974namaa2200289 a 4500
001 - CONTROL NUMBER
control field vtls001232804
003 - CONTROL NUMBER IDENTIFIER
control field NLI
005 - DATE AND TIME OF LATEST TRANSACTION
control field 20210603150250.0
008 - FIXED-LENGTH DATA ELEMENTS--GENERAL INFORMATION
fixed length control field 120330s1978 dcu i000 0 eng
039 #9 - LEVEL OF BIBLIOGRAPHIC CONTROL AND CODING DETAIL [OBSOLETE]
-- 201203302034
-- VLOAD
040 ## - CATALOGING SOURCE
Original cataloging agency NLI
Transcribing agency VTLS-2012_FOD
Description conventions AACR2
041 0# - LANGUAGE CODE
Language code of text/sound track or separate title eng
044 ## - COUNTRY OF PUBLISHING/PRODUCING ENTITY CODE
MARC country code dcu
082 04 - DEWEY DECIMAL CLASSIFICATION NUMBER
Classification number 368.1
110 1# - MAIN ENTRY--CORPORATE NAME
Corporate name or jurisdiction name as entry element United States.
Subordinate unit Department of Housing and Urban Development
9 (RLIN) 890
245 10 - TITLE STATEMENT
Title FHA Title I Property Improvement Loan Insurance :
Remainder of title a guide for financial institutions and public rehabilitation officials
260 ## - PUBLICATION, DISTRIBUTION, ETC.
Place of publication, distribution, etc. Washington :
Name of publisher, distributor, etc. United States Government Printing Office,
Date of publication, distribution, etc. 1978
300 ## - PHYSICAL DESCRIPTION
Extent 19 p. :
Dimensions 26 cm.
500 ## - GENERAL NOTE
General note title from the cover
650 #0 - SUBJECT ADDED ENTRY--TOPICAL TERM
Topical term or geographic name entry element Windstorm insurance
Geographic subdivision United States
9 (RLIN) 621931
650 #0 - SUBJECT ADDED ENTRY--TOPICAL TERM
Topical term or geographic name entry element Insurance, Property
Geographic subdivision United States
9 (RLIN) 621932
887 ## - NON-MARC INFORMATION FIELD
Content of non-MARC field
901 ## - LOCAL DATA ELEMENT A, LDA (RLIN)
a AD 141724
b 28.10.2010
902 ## - LOCAL DATA ELEMENT B, LDB (RLIN)
a U.S 368.1 Us 3
942 ## - ADDED ENTRY ELEMENTS (KOHA)
Source of classification or shelving scheme Dewey Decimal Classification
Koha item type Books
949 ## - LOCAL PROCESSING INFORMATION (OCLC)
-- VIRTUAITEM
-- 10000
-- 100
6 ADX000141724ENG
Holdings
Withdrawn status Lost status Damaged status Not for loan Collection code Home library Current library Shelving location Date acquired Total Checkouts Full call number Barcode Date last seen Price effective from Koha item type
          National Library of India National Library of India       U.S 368.1 Us 3 ADX000141724ENG 03/06/2021 03/06/2021 Books
                                                                           
web counter

Copyright ©2020 The National Library of India, Govt. of India ↔ Hosted by NVLI, MOC ↔ Technology and Design by National Library of India, Ministry of Culture, Govt. of India